| 000 | 00753pam a2200241 a 4500 | ||
|---|---|---|---|
| 001 | 2051614 | ||
| 003 | NUST-PNEC | ||
| 005 | 20170116180941.0 | ||
| 008 | 930720s1995 nyu 001 0 eng | ||
| 010 | _a 93029589 | ||
| 020 | _a0070472580 | ||
| 040 | _cLIBRARY | ||
| 082 | 0 | 0 | _a621.395 LEA |
| 100 | 1 | _aLeach, Donald P. | |
| 245 | 1 | 0 |
_aDigital principles and applications _cDonald P. Leach, Albert Paul Malvino. |
| 250 | _a5th ed. | ||
| 260 | _cc.1995 | ||
| 650 | 0 | _aDigital electronics. | |
| 650 | 0 |
_aElectronic digital computers _xEE, EL |
|
| 856 | 4 | 2 |
_3Publisher description _uhttp://www.loc.gov/catdir/description/mh031/93029589.html |
| 856 | 4 | 1 |
_3Table of contents _uhttp://www.loc.gov/catdir/toc/mh031/93029589.html |
| 942 |
_2ddc _cBK |
||
| 999 |
_c66137 _d66137 |
||